Системы обеспечения тепловых режимов космических аппаратов (Запись № 12179903)

Подробности
000 -МАРКЕР
контрольное поле 02123nam0a2200325 i 4500
001 - ИДЕНТИФИКАТОР ЗАПИСИ
контрольное поле RU\NLR\BIBL_A\011537878
005 - ИДЕНТИФИКАТОР ВЕРСИИ
контрольное поле 20240921210308.0
010 ## - МЕЖДУНАРОДНЫЙ СТАНДАРТНЫЙ НОМЕР КНИГИ (ISBN)
Номер (ISBN) 9785906920348
Тираж 100
021 ## - НОМЕР ГОСУДАРСТВЕННОЙ РЕГИСТРАЦИИ
Код страны Российская Федерация
Номер 2017-81643
Номер Листа государственной регистраци 5824
035 ## - ДРУГИЕ СИСТЕМНЫЕ НОМЕРА
Идентификатор записи (RuMoRGB)009436528
035 ## - ДРУГИЕ СИСТЕМНЫЕ НОМЕРА
Идентификатор записи (NLR Aleph) 011537878
100 ## - ДАННЫЕ ОБЩЕЙ ОБРАБОТКИ
Данные общей обработки 20171123d2017 km y0rusy50 ca
101 0# - ЯЗЫК РЕСУРСА
Язык текста, звукозаписи и т.д. русский
102 ## - СТРАНА ПУБЛИКАЦИИ ИЛИ ПРОИЗВОДСТВА
Страна публикации Российская Федерация
105 ## - ПОЛЕ КОДИРОВАННЫХ ДАННЫХ: ТЕКСТОВЫЕ МАТЕРИАЛЫ, МОНОГРАФИЧЕСКИЕ
Кодированные данные о монографическом текстовом документе a|||j|||000zy
200 1# - ЗАГЛАВИЕ И СВЕДЕНИЯ ОБ ОТВЕТСТВЕННОСТИ
Основное заглавие Системы обеспечения тепловых режимов космических аппаратов
Сведения, относящиеся к заглавию учебное пособие
-- [для студентов и аспирантов вузов, имеющих космические специальности]
Первые сведения об ответственности В. Д. Атамасов, С. И. Королев, Л. И. Калягин, И. И. Дементьев
Последующие сведения об ответственности Министерство образования и науки Российской Федерации, Балтийский государственный технический университет "Военмех", Кафедра космических аппаратов и двигателей
210 ## - ПУБЛИКАЦИЯ, РАСПРОСТРАНЕНИЕ И ДР.
Место издания, распространения и т.д. Санкт-Петербург
Имя издателя, распространителя и т. д. Балтийский государственный технический университет
Дата издания, распространения и т.д. 2017
215 ## - ФИЗИЧЕСКАЯ ХАРАКТЕРИСТИКА
Специфическое обозначение материала и объем 102, [1] с.
Другие сведения о физической характеристике ил., табл.
Размеры 21
320 ## - ПРИМЕЧАНИЯ О НАЛИЧИИ В ДОКУМЕНТЕ БИБЛИОГРАФИИ / УКАЗАТЕЛЯ
Текст примечания Библиогр.: с. 102 (24 назв.)
606 1# - НАИМЕНОВАНИЕ ТЕМЫ КАК ПРЕДМЕТ
Наименование темы Космические летательные аппараты
Формальный подзаголовок Учебные издания для высших учебных заведений
Тематический подзаголовок Тепловой режим
-- Обеспечение
-- Системы
Системный номер авторитетной/нормативной записи 1438746
Идентификатор авторитетной/нормативной записи RU\NLR\AUTH\66608586
686 1# - ИНДЕКСЫ ДРУГИХ КЛАССИФИКАЦИЙ
Индекс О62-044.06я73-1
701 #1 - ИМЯ ЛИЦА - АЛЬТЕРНАТИВНАЯ ОТВЕТСТВЕННОСТЬ
Начальный элемент ввода Атамасов
Часть имени, кроме начального элемента ввода В. Д.
Расширение инициалов личного имени Владимир Дмитриевич
701 #1 - ИМЯ ЛИЦА - АЛЬТЕРНАТИВНАЯ ОТВЕТСТВЕННОСТЬ
Начальный элемент ввода Королев
Часть имени, кроме начального элемента ввода С. И.
Дополнения к именам, кроме дат д-р техн. наук
Даты 1937-2007
Расширение инициалов личного имени Сергей Иванович
Системный номер авторитетной/нормативной записи 182453
Идентификатор авторитетной/нормативной записи RU\NLR\AUTH\770182504
701 #1 - ИМЯ ЛИЦА - АЛЬТЕРНАТИВНАЯ ОТВЕТСТВЕННОСТЬ
Начальный элемент ввода Калягин
Часть имени, кроме начального элемента ввода Л. И.
Расширение инициалов личного имени Лев Иванович
701 #1 - ИМЯ ЛИЦА - АЛЬТЕРНАТИВНАЯ ОТВЕТСТВЕННОСТЬ
Начальный элемент ввода Дементьев
Часть имени, кроме начального элемента ввода И. И.
Расширение инициалов личного имени Илья Игоревич
942 ## - ДОПОЛНИТЕЛЬНЫЕ ЭЛЕМЕНТЫ ЗАПИСИ (АБИС)
Тип экземпляра АБИС Книга
980 ## - КОЛЛЕКЦИЯ
Название коллекции НБР

Нет доступных экземпляров.